Ergonómia v priemysle /

Na minha lista:
Detalhes bibliográficos
Main Authors: Slamková, Eva (Author), Dulina, Ľuboslav (Author), Tabaková, Michaela (Author)
Formato: Livro
Idioma:eslovaco
Publicado em: Žilina : Georg, 2010
Colecção:Pokrokové priemyselné inžinierstvo
Assuntos:
Tags: Adicionar Tag
Sem tags, seja o primeiro a adicionar uma tag!

MARC

LEADER 00000nam a22000003a 4500
001 0080320
005 20200211135559.5
008 121128s2010----xo------------------slo-d
020 |a 978-80-89401-09-3 
040 |a STU  |b slo 
041 0 |a slo 
044 |a xo 
080 |a 331 
100 1 |a Slamková, Eva  |4 aut 
245 1 |a Ergonómia v priemysle /  |c aut. Eva Slamková, Ľuboslav Dulina, Michaela Tabaková 
260 |a Žilina :  |b Georg,  |c 2010 
300 |a 261 s. 
650 7 |a ergonómia  |2 stusub 
700 1 |a Dulina, Ľuboslav  |4 aut 
700 1 |a Tabaková, Michaela  |4 aut 
830 0 |a Pokrokové priemyselné inžinierstvo 
996 |b 284M088331  |c M* 13349-4  |l MMST  |s A  |a 24  |w 0080320_0001